Visualizzazione normale
Vista MARC
- Volpi, Franco,
di Personal Name
Records bibliografici associati: 1
001 - CONTROL NUMBER
- control field: 21483
003 - CONTROL NUMBER IDENTIFIER
- control field: IT-RoINE
005 - DATE AND TIME OF LATEST TRANSACTION
- control field: 20151012083348.0
008 - FIXED-LENGTH DATA ELEMENTS
- fixed length control field: 151012|| aca||aabn | a|a d
040 ## - CATALOGING SOURCE
- Original cataloging agency: IT-RoINE
- Transcribing agency: IT-RoINE
100 ## - HEADING--PERSONAL NAME
- Personal name: Volpi, Franco,
- Dates associated with a name: 1952-2009
670 ## - SOURCE DATA FOUND
- Source citation: Work cat.: (IT-RoINE)0: Volpi, Franco, 1952-2009, Dizionario delle opere filosofiche /, 2000.